[Event "CRO-ch U13"]
[Site "Trogir"]
[Date "2018.06.17"]
[Round "3"]
[White "Novosel, Lovro"]
[Black "Medved, Dorian"]
[Result "1-0"]
[WhiteElo "1588"]
[BlackElo "1395"]
[PlyCount "59"]
[EventDate "2018.06.16"]
[EventType "swiss"]
[EventRounds "9"]
[EventCountry "CRO"]
[SourceTitle "EXT 2019"]
[Source "ChessBase"]
[SourceDate "2018.10.10"]
[SourceVersion "1"]
[SourceVersionDate "2018.10.10"]
[SourceQuality "1"]

1. e4 e5 2. Nf3 Nc6 3. d4 d6 4. dxe5 dxe5 5. Qxd8+ Kxd8 6. Bb5 Nge7 7. 0-0 Bd7 8. Be3 a6 9. Bc4 f6 10. Nc3 Ng6 11. Rad1 Bd6 12. h3 Bb4 13. Be6 Nf8 14. Bxd7 Nxd7 15. Nd5 Bd6 16. c4 Ne7 17. c5 Nxd5 18. Rxd5 Be7 19. Rfd1 Ke8 20. Rxd7 Rc8 21. h4 h5 22. b4 Kf7 23. Nd2 Rhd8 24. Nc4 Rb8 25. Rxd8 Bxd8 26. Rd7+ Kf8 27. Kh2 b5 28. Na5 Rc8 29. Nc6 Ke8 30. Rxg7 1-0

[Event "Osijek op 10th"]
[Site "Osijek"]
[Date "2017.02.24"]
[Round "3"]
[White "Medved, Dorian"]
[Black "Trepsic, Zvonimir"]
[Result "0-1"]
[WhiteElo "1356"]
[BlackElo "1657"]
[PlyCount "98"]
[EventDate "2017.02.23"]
[EventType "swiss"]
[EventRounds "7"]
[EventCountry "CRO"]
[SourceTitle "EXT 2019"]
[Source "ChessBase"]
[SourceDate "2018.10.10"]
[SourceVersion "1"]
[SourceVersionDate "2018.10.10"]
[SourceQuality "1"]

1. e4 c5 2. Nf3 d6 3. d4 cxd4 4. Nxd4 Nf6 5. Nc3 g6 6. Bd3 Bg7 7. 0-0 0-0 8. Re1 Nbd7 9. Be3 Ne5 10. Be2 Bd7 11. Nf3 Nfg4 12. Qd2 a6 13. Rad1 Nxe3 14. Qxe3 Rc8 15. Nxe5 Bxe5 16. Rd2 Be6 17. a3 Qa5 18. Nd1 Rxc2 19. b4 Qc7 20. Rxc2 Qxc2 21. Bd3 Qb3 22. Bf1 Qxe3 23. Rxe3 Rc8 24. Be2 Rc1 25. Kf1 Bd7 26. Ke1 Ra1 27. Kd2 Bf4 28. Nc3 Bxe3+ 29. Kxe3 Rxa3 30. Kd4 e5+ 31. Kc4 Bb5+ 32. Nxb5 axb5+ 33. Kxb5 Ra2 34. Bf3 Kf8 35. Kb6 Rb2 36. b5 Ke7 37. Bd1 Kd8 38. Bg4 h5 39. Bh3 g5 40. Bf5 Rxf2 41. Kxb7 Rxg2 42. h3 g4 43. hxg4 hxg4 44. b6 g3 45. Kb8 Rb2 46. b7 g2 47. Ka8 Ra2+ 48. Kb8 g1Q 49. Bd7 Qa7# 0-1